[Event "Regionalliga SW 9798"]
[Site "Bayern"]
[Date "1997.??.??"]
[Round "?.6"]
[White "Jelicic, Ranko"]
[Black "Schoenbauer, Max"]
[Result "0-1"]
[WhiteElo "1860"]
[BlackElo "2025"]
[PlyCount "104"]
[EventDate "1997.10.??"]
[EventType "team-tourn"]
[EventRounds "9"]
[EventCountry "GER"]
[SourceTitle "EXT 2020"]
[Source "ChessBase"]
[SourceDate "2019.10.17"]
[SourceVersion "1"]
[SourceVersionDate "2019.10.17"]
[SourceQuality "1"]
[WhiteTeam "Pasing II"]
[BlackTeam "Muenchen FC Bayern II"]
[WhiteTeamCountry "GER"]
[BlackTeamCountry "GER"]

1. e4 d6 2. f4 e5 3. Nf3 Bg4 4. Be2 Nc6 5. c3 Bxf3 6. Bxf3 exf4 7. d4 Qh4+ 8. Ke2 g5 9. Kd3 Nf6 10. h3 0-0-0 11. Kc2 d5 12. e5 Ne4 13. Rf1 Qh6 14. Qd3 Ng3 15. Re1 Be7 16. b4 Bxb4 17. a4 Ba5 18. Nd2 Qg6 19. Ba3 Rhe8 20. Qxg6 hxg6 21. Bc5 Bb6 22. Nb3 Na5 23. Bxb6 axb6 24. Nd2 Kb8 25. Rab1 Nf5 26. Nf1 Nc4 27. Kd3 c6 28. Bg4 Nh4 29. Re2 Kc7 30. Rb4 Nf5 31. Nh2 Ng3 32. Re1 f6 33. Rxc4 dxc4+ 34. Kxc4 Ra8 35. Bd1 b5+ 36. axb5 Ra2 37. Bf3 f5 38. bxc6 bxc6 39. Kc5 Ne4+ 40. Rxe4 fxe4 41. Bxe4 Rb8 42. Ng4 Ra4 43. Bxc6 Ra5+ 44. Kc4 Kxc6 45. Nf6 Ra4+ 46. Kd3 Rd8 47. Ne4 Ra2 48. c4 Ra3+ 49. Nc3 f3 50. d5+ Kc5 51. e6 Kb4 52. e7 Rxc3+ 0-1